Stimulace přílivu přímých zahraničních investic do zemí CEFTA
Vymedzenie základných pojmov - Cefta, investície a investičné ponuky. Faktory ovplyvňujúce prílev PZI, ich pozitíva a negatíva. Porovnanie transformácie jednotlivých krajín CEFTA a ich súčasnej ekonomickej situácie. Prehľad agentúr pre podporu prílevu priamych zahraničných investícií. Motivácia in...
Enregistré dans:
| Auteur principal: | |
|---|---|
| Autres auteurs: | |
| Format: | Chapitre de livre |
| Langue: | tchèque |
| Sujets: | |
| Tags: |
Pas de tags, Soyez le premier à ajouter un tag!
|
MARC
| LEADER | 00000naa$a2200000$$$4500 | ||
|---|---|---|---|
| 001 | 0001948 | ||
| 005 | 20231003120322.9 | ||
| 041 | 0 | |a cze | |
| 044 | |a CZ | ||
| 245 | 1 | 0 | |a Stimulace přílivu přímých zahraničních investic do zemí CEFTA |c Renáta Bergová, Milan Žák |
| 520 | |a Vymedzenie základných pojmov - Cefta, investície a investičné ponuky. Faktory ovplyvňujúce prílev PZI, ich pozitíva a negatíva. Porovnanie transformácie jednotlivých krajín CEFTA a ich súčasnej ekonomickej situácie. Prehľad agentúr pre podporu prílevu priamych zahraničných investícií. Motivácia investorov. | ||
| 610 | 2 | 0 | |a investície priame zahraničné |
| 610 | 2 | 0 | |a investori |
| 610 | 2 | 0 | |a situácia hospodárska |
| 610 | 2 | 0 | |a porovnanie medzinárodné |
| 610 | 2 | 0 | |a SVE |
| 610 | 2 | 0 | |a CEFTA |
| 100 | 1 | |a Bergová, Renáta | |
| 700 | 1 | |a Žák, Milan | |